[Event "IRI-ch U12"]
[Site "Chess.com INT"]
[Date "2021.01.16"]
[Round "7"]
[White "Keshani, Kian"]
[Black "Khodajoo, Artin"]
[Result "0-1"]
[WhiteElo "1571"]
[BlackElo "1245"]
[PlyCount "62"]
[EventDate "2021.01.16"]
[EventType "swiss"]
[EventRounds "11"]
[EventCountry "IRI"]
[SourceTitle "EXT 2022"]
[Source "ChessBase"]
[SourceDate "2021.10.06"]
[SourceVersion "1"]
[SourceVersionDate "2021.10.06"]
[SourceQuality "1"]

1. e4 e5 2. Nf3 Nc6 3. Bc4 Nf6 4. d3 Bc5 5. c3 d6 6. h3 Be6 7. Bb3 Qe7 8. Nbd2 0-0-0 9. a4 d5 10. Qe2 dxe4 11. Bxe6+ Qxe6 12. dxe4 a5 13. 0-0 h6 14. Nc4 g5 15. Nh2 Rhg8 16. Be3 Nxe4 17. Bxc5 Nxc5 18. Rad1 f5 19. Nf3 e4 20. Nd4 Nxd4 21. cxd4 Nd3 22. Nxa5 Qb6 23. Nc4 Qxd4 24. Ne3 f4 25. Nf5 Qe5 26. Nxh6 Rgf8 27. Ng4 Qf5 28. Rd2 f3 29. gxf3 exf3 30. Qe3 Rh8 31. Kh2 Qxg4 0-1

[Event "IRI-ch U12"]
[Site "Chess.com INT"]
[Date "2021.01.16"]
[Round "11"]
[White "Khodajoo, Artin"]
[Black "Azimi, Amir Mohammad"]
[Result "0-1"]
[WhiteElo "1245"]
[BlackElo "1442"]
[PlyCount "50"]
[EventDate "2021.01.16"]
[EventType "swiss"]
[EventRounds "11"]
[EventCountry "IRI"]
[SourceTitle "EXT 2022"]
[Source "ChessBase"]
[SourceDate "2021.10.06"]
[SourceVersion "1"]
[SourceVersionDate "2021.10.06"]
[SourceQuality "1"]

1. e4 e5 2. Nf3 Nc6 3. Bc4 Bc5 4. c3 Nf6 5. d4 exd4 6. cxd4 Bb4+ 7. Nc3 Nxe4 8. 0-0 Bxc3 9. d5 Ne5 10. bxc3 Nxc4 11. Qd4 f5 12. Qxc4 d6 13. Nd2 Nxd2 14. Bxd2 0-0 15. Qd4 c5 16. dxc6 bxc6 17. c4 Ba6 18. Bc3 Qd7 19. Rfe1 Rf6 20. Re3 f4 21. Rf3 Raf8 22. Rh3 Rg6 23. Re1 Qxh3 24. g3 f3 25. Kh1 Qg2# 0-1